000 00523nam a2200145 4500
999 _c10949
_d10949
008 180928b ||||| |||| 00| 0 eng d
022 _a2094-8042
082 _aDPer 370.105 M72 Jan-Dec 2011 v59- 60
100 _931822
_aTariman, Pablo A.
245 _aThe Italian connections of Filipino artists past and present/
_cPablo A. Tariman.
260 _aPhilippines:
_bIn the Grade School, Inc.,
_cc2011.
300 _av60 n6, pages 230+:
_billustrations;
_c27cm.
650 0 _931823
_aArtists
_xConnections.
942 _2ddc
_cPER